00531nam a2200205 a 4500001001300000003000900013005001700022008004100039020001300080082001500093100001600108245001900124260004700143300000900190500003500199505001200234650002700246650003600273700001600309nice12345678IN_TiNIC20260116013920.0050524s1992 mica grp 000 0 eng  ac509.1100a232.9bWRI aWright, N T aWho Was Jesus? aMichiganbEermans Publishing Companyc1992 a107p aincludes index and biblioraphy2 aIndexes aJesus Christ-Biography aJesus Christ-Person and Offices1 aWright, N T